000 00582nam a2200217Ia 4500
005 20250508164546.0
008 008 250505s9999 xx 000 0 hin d
020 _a81-7028-201-2
037 _aTextual
040 _aFEDL
_beng
_cFEDL
041 _ahin
_2hin
084 _a370.954, VIJ
_qFEDL
100 _aVijayvargiya Shankar
_9778454
245 0 _aBharteeya shiksha ka itihas
260 _aDelhi, India
_bRajpal and Sons
_c1996
300 _a135p.
365 _aINR
_b80
546 _aMACESE
942 _cTEXL
_h370.954, VIJ
999 _c1389793
_d1389793